[Event "EU-ch 9th"]
[Site "Plovdiv"]
[Date "2008.04.23"]
[Round "3"]
[White "Nedev, Trajce"]
[Black "L'Ami, Erwin"]
[Result "1/2-1/2"]
[WhiteElo "2518"]
[BlackElo "2600"]
[Annotator "L'Ami,E"]
[PlyCount "92"]
[EventDate "2008.04.21"]
[EventType "swiss"]
[EventRounds "11"]
[EventCountry "BUL"]
[SourceTitle "CBM 124"]
[Source "ChessBase"]
[SourceDate "2008.05.28"]
[SourceVersion "1"]
[SourceVersionDate "2008.05.28"]
[SourceQuality "1"]

1. e4 e5 2. Nf3 Nc6 3. d4 exd4 4. Nxd4 Nf6 {The most ambitious way of meeting
the Scotch.} 5. Nxc6 bxc6 6. e5 Qe7 7. Qe2 Nd5 8. c4 Ba6 9. b3 O-O-O 10. g3 g5
11. Bb2 Bg7 12. Nd2 Nb4 13. O-O-O $5 ({A very interesting pawn sacrifice which
I hadn't taken very seriously when preparing for the game. I thought taking on
a2 with check(!) and then jumping back to b4 should be great for Black. In
fact things are not that simple. White used to continue} 13. Nf3 {but that is
just fine for Black, in short;} Rhe8 14. a3 (14. Bh3 h5 15. a3 Nd5 16. Qd2 g4
17. cxd5 (17. Qa5 Kb7 18. cxd5 gxf3 (18... Qf6 $5) 19. O-O-O Bxe5 20. dxc6+
dxc6 21. Qxe5 Qxe5 22. Bxe5 Rxd1+ 23. Rxd1 Rxe5 {can only be better for Black.}
) 17... Qc5 18. b4 Qxd5 19. Qxd5 cxd5 20. b5 Bb7 ({Instead} 20... Bxb5 $1 {
refutes White's idea} 21. Nd4 Rxe5+ 22. Kd2 Bc4 23. Bf1 (23. Bg2 c5 $17) 23...
Re4 24. Re1 Rxe1 25. Kxe1 Re8+ 26. Kd2 Re4 27. Bg2 Bxd4 28. Bxe4 Bxb2 {when
Black gets too many pawns.}) 21. O-O gxf3 22. Rfe1 {was unclear in
Jones-Gajewski, Crete 2007}) (14. h3 d5 $1 15. a3 dxc4 {isn't White's dream
either, since the knight is taboo} 16. axb4 Bxe5 $1 {mating.}) 14... g4 15.
axb4 gxf3 16. Qe3 Qxb4+ 17. Bc3 Rxe5 $1 18. Bxb4 Rxe3+ 19. fxe3 Bxa1 {
shouldn't be anything for White.}) 13... Nxa2+ 14. Kb1 Nb4 15. f4 gxf4 16. gxf4
Rhe8 $6 ({I played this move rather quickly, thinking that preparing to hit e5
by f7-f6 was the obvious way to play. First of all, let's say I give White a
few moves. He will go} 16... Z0 17. Ne4 {and} Z0 18. Bd4 {which means real
trouble. Since the game continuation doesn't stop this plan it can't be any
good.}) ({In hindsight I think} 16... Bb7 {is the move, to answer} 17. Ne4 {
with} c5 {. White has decent compensation, but not more than that.}) 17. Ne4 c5
18. Bg2 Bb7 19. Rhe1 Kb8 {Preparing the freeing move d7-d6.} 20. Qf2 $1 {
Simultaneously preventing d6 and attacking c5. White won the opening battle.}
Qf8 $6 {I had no intention to wait passively with moves like Na6 or Bh8, just
waiting for White to finish me off with f5-f6. Since things have gone wrong
anyway I decided to try and complicate matters with the text move.} 21. Nxc5
Bxg2 22. Ba3 $1 a5 {During the game I of course realised that something smelt
wring here but since I didn't see anything clear for White I decided to go for
it.} (22... d6 23. Bxb4 dxc5 24. Rxd8+ Rxd8 25. Bxc5 {wins back the piece,
with interest.}) 23. Na6+ (23. Nxd7+ Rxd7 24. Rxd7 Bc6 25. Rxc7 Kxc7 26. Qa7+
Kc8 27. Qxa5 Qd6 $3 28. Bxb4 Qd3+ 29. Kb2 Qd4+ 30. Ka2 Rd8 {is just better for
Black.}) ({A more serious try is} 23. Rxd7 {but} Bb7 $1 {seems to do the trick.
White has nothing concrete.} ({not} 23... Bc6 24. Bxb4 axb4 25. Na6+ Ka8 26.
Rxc7 {mating.})) 23... Kb7 24. Nc5+ Kb8 25. Na6+ Kb7 26. Nxb4 ({Better than
the interesting alternative} 26. Bxb4 $5 axb4 27. Qxg2+ (27. Nc5+ Kb8 28. Qxg2
Qxc5 29. Rd5 (29. Qxg7 Rg8 $132) 29... Qa7 $1 {with the idea} 30. Qxg7 Rg8 $1 {
is fine for Black.}) 27... Kxa6 28. Rd5 $1 (28. Rxd7 Qc5 $1 {is ok for Black.})
28... c6 {here I finished my calculation during the game, the line, however,
continues:} 29. Red1 $3 {and I am not sure I would have found} Bxe5 $3 ({
Black's pieces are helpless after} 29... cxd5 30. Rxd5 {Black's king lacks
shelter} Rb8 31. Qa2+ Kb7 32. Rxd7+ Kc8 33. Qa7 {winning.}) (29... Re7 {
allows the pretty} 30. Rb5 $3 cxb5 31. Rd6+ Ka7 32. Qf2+ Ka8 33. Ra6+ Kb7 34.
Qb6+ Kc8 35. Ra8#) (29... Ra8 {prevents the Rb5-idea of the previous line but
now the simple} 30. Rxd7 {is enough} Qc5 31. Qxg7 Qe3 32. Qg3 {winning.}) (
29... Qe7 30. Rxd7 $1) 30. fxe5 (30. Rxd7 Kb6 $1 {holds.}) 30... cxd5 31. Rxd5
Rxe5 32. Rxe5 d5 {and Black may actually survive.}) 26... axb4 27. Qxg2+ c6 28.
Bb2 f6 29. e6 Bh6 (29... dxe6 30. Rxd8 Rxd8 31. Rxe6 Rc8 32. f5 {doesn't
appeal somehow.}) 30. f5 dxe6 31. Rxd8 Rxd8 32. fxe6 Qe7 33. Qf2 {Up to this
point my opponent played very well, but with the point within reach he starts
to play less precisely. It should be noted that neither of us had much time
left on the clock .} Bd2 $5 {Trying to cause confusion.} 34. Re4 $2 ({Which
works!} 34. Qxf6 $1 Qd6 {might look scary in time trouble, but in fact is
resignable:} 35. Qf7+ Ka6 36. Re5 $1 {(threatening Ra5!)} Qd3+ 37. Ka2 Ra8 38.
Qc7 {curtains.}) 34... Bc3 $1 {Now all is fine.} 35. Bxc3 bxc3 36. Rd4 Rxd4 37.
Qxd4 Qxe6 38. Qxc3 {The queen-ending is a tiny bit better for Black due to the
passed pawn but there are no real winning chances.} f5 39. Qg7+ Kb6 40. Qd4+ c5
41. Qd8+ Kb7 42. Kc2 Qe4+ 43. Kc3 Qe3+ 44. Kc2 Qf2+ 45. Kc3 Qf3+ 46. Kb2 Qe2+ {
and we agreed a draw.} 1/2-1/2

[Event "Cannes NAO Masters"]
[Site "Cannes"]
[Date "2002.02.22"]
[Round "1"]
[White "Lautier, Joel"]
[Black "Bacrot, Etienne"]
[Result "1/2-1/2"]
[WhiteElo "2687"]
[BlackElo "2649"]
[Annotator "Lautier,J"]
[PlyCount "60"]
[EventDate "2002.02.22"]
[EventType "tourn"]
[EventRounds "9"]
[EventCountry "FRA"]
[EventCategory "18"]
[SourceTitle "CBM 088"]
[Source "ChessBase"]
[SourceDate "2002.03.21"]
[SourceVersion "1"]
[SourceVersionDate "2002.03.21"]
[SourceQuality "1"]

1. e4 {Postny} e5 2. Nf3 Nc6 3. d4 exd4 4. Nxd4 Nf6 5. Nxc6 bxc6 6. e5 Qe7 7.
Qe2 Nd5 8. c4 Ba6 9. b3 g6 {Postny: 'This is one of the main variations, but
with very bad statistics for black...'} ({Another popular option is} 9... g5)
10. f4 Qb4+ {Postny: 'This check was introduced by Karpov in his game against
Gelfand ten years ago (CBM 28).'} 11. Bd2 Qb6 12. Qf3 $1 {Postny: 'In my
database I found only one game where white continued this way. In the current
game however, black suffered problems, so I think, that white should pay more
attention to this move... Usual continuations here are 12.Qe4 and 12.Nc3 as
Gelfand played. Kasparov in his game against Bacrot in Sarajevo 2000 (CBM 77)
played 12.Qe4 and in his comments he wrote "Since my match with Short (1993) I
haven't decided yet what is better - 12.Qe4 or 12.Qf3".'} Qd4 {'?!' Postny.
Postny: 'After this move black is clearly worse.'} (12... Nb4 {might be an
improvement (Postny).}) 13. Nc3 Nxc3 14. Qxc3 (14. Bxc3 $6 {Postny} Bb4 15. Rc1
Bxc3+ 16. Rxc3 O-O-O $132) 14... c5 (14... Bc5 {Postny} 15. O-O-O Qxc3+ 16.
Bxc3 Rf8 17. g3 O-O-O 18. Bh3 $16 {1-0 De la Riva Aguado,O-Crouan,S/
Montpellier 2000/EXT 2001 (29)}) 15. Bd3 $1 Bg7 (15... Bb7 16. Qxd4 cxd4 17.
O-O Bg7 18. Rae1 O-O 19. Bb4 Rfe8 20. Bc5 $16) 16. Qxd4 cxd4 17. O-O {Postny:
'Better pawnstructure and a space advantage yields white a clear advantage.'}
O-O {} (17... c5 $2 18. Rae1 O-O 19. f5 Rfe8 20. Be4 $18) 18. Bb4 Rfe8 19. Be4
(19. Rad1 f6 (19... Bb7 20. Bc5 f6 21. exf6 Bxf6 22. f5 g5 23. Bb1 Re2 24. Rf2
Rae8 25. Kf1 $16) 20. Be4 c6 {->> 19.Be4}) (19. Bc5 $142 f6 20. f5 $1 Bh6 (
20... Rxe5 21. Bxd4 $18) (20... gxf5 21. exf6 Bxf6 22. Rxf5 Bg7 (22... Re6 23.
Raf1) 23. Rg5 h6 24. Rg4 $18) (20... g5 21. Be4 c6 22. Bxd4 fxe5 23. Be3 Bf6
24. Rad1 $16) (20... fxe5 21. f6 Bxf6 22. Rxf6 Bb7 23. Be2 (23. Re1 d6 24. Ba3
e4 $14) 23... d6 24. Ba3 e4 25. Bb2 d3 26. Bf1 $16) 21. exf6 (21. Bxd4 fxe5) (
21. fxg6 Be3+ 22. Kh1 fxe5 23. Be4 $16) 21... Be3+ 22. Kh1 g5 23. Be7 $16)
19... c6 (19... Rab8 20. Bc5 $16) (19... Rad8 20. Rad1 d6 21. Bc6 Re6 22. Bd5
Re7 23. Rxd4 c5 24. Bxc5 dxc5 25. Bxf7+ Kxf7 26. Rxd8 $18) 20. Rfe1 {'!'
Postny. Postny: 'The R should be moved from the a6-f1 diagonal.'} (20. Rfd1 f6
21. Rxd4 d5 $132) (20. Rad1 f6 (20... d5 21. cxd5 {'!?' Postny.} Bxf1 22. Kxf1
$36 cxd5 23. Bxd5 $14) 21. Rxd4 d5 22. cxd5 (22. Rxd5 cxd5 23. Bxd5+ Kh8 24.
Bxa8 Rxa8 25. e6 f5 $13) 22... fxe5 (22... Bxf1 23. Kxf1 fxe5 24. Rc4 $36) 23.
fxe5 Bxe5 24. Rfd1 Bxd4+ 25. Rxd4 Rxe4 (25... Rad8 26. d6) 26. Rxe4 cxd5 27.
Re7 Rf8 28. h3 Rf7 29. Re8+ Kg7 30. Bc5 $14) 20... f6 21. exf6 $6 (21. Bd6 $1
fxe5 22. fxe5 Bh6 (22... Bf8 23. Rad1 Bxd6 24. exd6 Re6 25. Rxd4 Rae8 26. c5
$18) (22... Bxe5 23. Bxe5 Rxe5 24. Bd5+ cxd5 25. Rxe5 dxc4 26. Ra5 Bb7 (26...
c3 27. Rxa6 d3 28. Rd6 d2 29. Rxd7 (29. Kf2 Rf8+ 30. Ke2 Re8+ 31. Kd3 Re1 32.
Kxc3 Rxa1 33. Rxd2 Rc1+ 34. Kb4 Rc7 $14) 29... Rc8 30. Kf2 $16)) 23. Rad1 Be3+
24. Kf1 (24. Kh1 Re6 25. Bd3 (25. Rd3 Rae8 26. Rexe3 dxe3 27. Rxe3 Kg7 $1 $11 {
/\ Re5}) (25. Bf3 $5 h5 26. g4 h4 27. g5) 25... Rae8 (25... Bb7 26. c5) 26. b4
(26. c5 Bxd3 27. Rxd3 a5 $1) 26... Rxe5 (26... Bf4 27. b5 Bb7 28. c5 Bxe5 29.
Bc4 $16) (26... Kg7 27. a4) 27. Bxe5 Rxe5 28. c5 (28. a4 d6 29. b5 Bb7 30. a5
$14) 28... Bxd3 29. Rxd3 a5 30. bxa5 Rxc5 31. Ra3 $16) 24... Re6 (24... Rf8+
25. Bxf8 Rxf8+ 26. Bf3 Bc8 (26... Rf5 27. Rxe3 dxe3 28. Rxd7 $18) 27. Rd3 $18)
25. Rxe3 dxe3 26. Ke2 $16) 21... Bxf6 22. Rad1 $6 (22. Bc5 $5 Kg7 23. Kf2 d5
24. cxd5 cxd5 25. Bxd5 Rxe1 26. Rxe1 Rd8 27. Be4 Rd7 $16) 22... Kg7 23. Kf2 $6
(23. Bd6 $6 Re6 24. Be5 Bxe5 25. fxe5 Rxe5 26. Rxd4 Rae8 27. Rxd7+ Kh6 28. Rxa7
Bc8 $36) (23. Bc5 d5 24. cxd5 cxd5 25. Bxd5 Rxe1+ 26. Rxe1 Rd8 27. Be4 d3 28.
Kf2 Rd7 29. Ke3 d2 30. Rd1 Bc3 31. a3 $16 {/\ Bb4}) 23... d5 24. cxd5 cxd5 25.
Bd3 $6 {'?' Postny.} (25. Bxd5 Rxe1 26. Rxe1 (26. Bxe1 Re8 $1 (26... Rd8 27.
Be4 d3 28. Kf3 $16) (26... Rc8 27. Be4) 27. Bf3 d3 $132) 26... Rc8 $14 (26...
Rd8 $6 {Postny} 27. Re6 $1 $16) 27. Re6 Rc2+ 28. Kg3 Bc8 29. Re8 $40 {[%csl
Rg7][%cal Gb4f8]}) 25... Bxd3 26. Rxe8 (26. Rxd3 $6 Re4 27. Bd2 Rae8) 26...
Rxe8 27. Rxd3 Rc8 {Postny: 'The active R gives black sufficient counterplay.'}
28. Ke2 Kf7 (28... Rc2+ $6 29. Rd2 Rc1 30. Kd3 Rf1 31. Rc2 $16) 29. Be1 (29.
Kd1 h5 $1 (29... Ke6 30. g4 $14) 30. Be1 Ke6 31. Bf2 Kf5) 29... Re8+ 30. Kd1
Re3 $1 $11 (30... Re4 31. Bd2 $14) (30... Re3 $1 31. Kd2 (31. Rxe3 dxe3 32. Ke2
d4 33. Kd3 Ke6 34. Ke4 (34. Kc4 $2 Kf5) 34... h5 $11) (31. Rd2 {Postny} Re4 32.
g3 Ke6 {the endgame is about equal.}) 31... Re4 32. g3 Ke6 $11) 1/2-1/2

[Event "ESP-chT"]
[Site "Salamanca"]
[Date "1998.09.07"]
[Round "3"]
[White "Lautier, Joel"]
[Black "Korneev, Oleg"]
[Result "1-0"]
[WhiteElo "2630"]
[BlackElo "2600"]
[Annotator "Lautier,J"]
[PlyCount "91"]
[EventDate "1998.09.05"]
[EventType "team"]
[EventRounds "9"]
[EventCountry "ESP"]
[SourceTitle "EXT 1999"]
[Source "ChessBase"]
[SourceDate "1998.11.16"]
[SourceVersion "1"]
[SourceVersionDate "1998.11.16"]
[SourceQuality "1"]

1. e4 e5 2. Nf3 Nc6 3. d4 exd4 4. Nxd4 Bc5 5. Nxc6 Qf6 6. Qd2 dxc6 7. Nc3 Be6
8. Na4 Rd8 9. Bd3 Bd4 10. O-O Qh4 $6 11. Qf4 Qh5 12. Qg3 Ne7 13. Be3 $1 (13.
Nc3 {/\ Ne2} Bxc3 $1 14. bxc3 Rd7 15. Be3 (15. Qxg7 $4 Rg8 16. Qh6 Rxg2+ $1 17.
Kxg2 Bh3+ $19) (15. Ba3 O-O $11 {/\ c5}) 15... O-O 16. Bd4 (16. f4 f5 $15)
16... Qg6 $11) 13... O-O $2 (13... Qe5 $2 14. Bf4 Qa5 15. Bxc7 Qxa4 16. Bxd8
Kxd8 17. Qd6+ Ke8 18. b3 Nc8 19. Qxe6+ fxe6 20. bxa4 Bxa1 21. Rxa1 Nb6 22. Rb1
$18) (13... Bxe3 $6 14. Qxe3 b6 15. f4 $1 O-O (15... f6 16. f5 Bf7 17. e5 $16)
16. f5 Bc8 17. Qg3 $1 $16) (13... Bf6 $8 14. h3 (14. f4 $2 Bh4 15. Qxg7 (15.
Qf3 Bg4 $19) 15... Rg8 16. Qe5 Qxe5 17. fxe5 Bh3 18. g3 Bxf1 19. Rxf1 Bg5 $17)
14... O-O $14 {Zsu.Polgar-Xie Jun, Jaen 1996}) 14. Bxd4 Rxd4 15. Qxc7 $1 $16
Ng6 (15... Nc8 {(Korneev)} 16. Nc3 Nd6 17. Ne2 Rc8 (17... Rxd3 18. cxd3 Nb5 19.
Ng3 $18) 18. Qe7 (18. Qxc8+ Bxc8 19. Nxd4 c5 20. Nb5 $16) 18... Re8 19. Qxe8+
Nxe8 20. Nxd4 $16) (15... Rd7 $142 16. Qg3 Qa5 17. Nc3 Qb4 18. Rab1 (18. e5 $2
Nf5 $1 $132 (18... Qxb2 19. Rab1 Qa3 (19... Qxc3 $2 20. Bxh7+ $18) 20. Ne4 $36)
) 18... c5 19. a3 Qb6 20. Qe3 $16) 16. Nc3 Rd7 (16... Ne5 $2 17. Be2 Bg4 18.
Bxg4 (18. f3 $2 Rd7 $1 19. fxg4 Qg5 20. Qxd7 (20. h4 $2 Qe3+ $19) (20. Qa5 $2
Nf3+ $19) 20... Nxd7 $17) 18... Nxg4 19. Rad1 $18) 17. Qg3 f5 18. f4 $1 (18.
exf5 $6 Bxf5 19. Rad1 Bxd3 20. Rxd3 Rxd3 21. Qxd3 Nf4 $132) 18... fxe4 19. Nxe4
Bf5 20. Rae1 Kh8 21. Qf2 $1 {/\ Ng3} Bxe4 (21... Qh6 22. Nc5 Rdf7 (22... Bxd3
23. Nxd7 $18) 23. Bxf5 Rxf5 24. Ne6 $18) 22. Rxe4 $18 Qa5 23. a3 Ne7 {/\ Nd5-f6
} 24. Re5 $1 Qb6 25. Qxb6 axb6 26. Rfe1 Nd5 27. Re8 Rd8 28. Rxf8+ Rxf8 29. g3
g6 30. Bc4 Nf6 (30... Rd8 31. Rd1 $18) 31. Re7 Rd8 32. Bd3 (32. Rxb7 $2 Rd1+
33. Kg2 Rd2+ 34. Kh3 Rxc2 $132) 32... Rd7 33. Rxd7 Nxd7 34. Bf1 $1 {[%csl Rb7]
[%cal Rf1h3,Rh3c8]} Kg7 $2 $138 (34... Nf6 $8 35. Kf2 (35. Bh3 Ne4) 35... Kg7 (
35... Ng4+ 36. Ke2 Nxh2 37. Bh3 h5 38. Bc8 $18) 36. Bh3 Ne4+ 37. Ke3 Nd6 38.
Kd4 Kf6 39. a4 Ne8 40. b4 Nd6 41. c4 h6 42. c5 $18) 35. Bh3 Nc5 36. Bc8 Kf6 37.
b4 Na4 38. Bxb7 c5 39. Bc6 Nb2 40. bxc5 bxc5 41. Kf2 Ke6 42. Ke2 Nc4 43. Kd3
Na5 (43... Nxa3 44. c4 $18) 44. Be4 Kf6 45. h4 h5 46. a4 1-0

[Event "FRA-ch"]
[Site "Aix les Bains"]
[Date "2003.08.21"]
[Round "4"]
[White "Lautier, Joel"]
[Black "Fontaine, Robert"]
[Result "1-0"]
[WhiteElo "2677"]
[BlackElo "2541"]
[Annotator "Lautier,J"]
[PlyCount "95"]
[EventDate "2003.08.18"]
[EventType "tourn"]
[EventRounds "11"]
[EventCountry "FRA"]
[EventCategory "13"]
[SourceTitle "CBM 097"]
[Source "ChessBase"]
[SourceDate "2003.11.11"]
[SourceVersion "1"]
[SourceVersionDate "2003.11.11"]
[SourceQuality "1"]

1. e4 {Postny} e5 2. Nf3 Nc6 3. d4 exd4 4. Nxd4 Nf6 5. Nxc6 bxc6 6. e5 Qe7 7.
Qe2 Nd5 8. c4 Ba6 9. b3 g6 {Postny: 'The main alternatives to this move are: 9.
..0-0-0, 9...Qh4 and 9...g5 which is considered as the main line.'} 10. f4 Qb4+
{Postny: 'This check was played for the first time on top level in the game
Gelfand,B-Karpov,A/Linares 1992 and nowadays it's frequently used by E.Bacrot.'
} (10... Bg7 {Postny} 11. Qf2 {- see the annotated game Tseshkovsky,
V-Harikrishna,P/Hastings 2002/CBM 93 [Postny]}) 11. Bd2 Qb6 (11... Nxf4 $4 {
Postny} 12. Qe4 $18 {[%csl Rb4,Rf4]}) 12. Qf3 {Postny: 'This move gained some
popularity recently.'} Nb4 $5 (12... Qd4 $6 {Postny} 13. Nc3 Nxc3 14. Qxc3 c5
15. Bd3 $14 {- see the annotated games: Lautier,J-Bacrot,E/Cannes 2002/CBM 88 
[Postny] and Rublevsky,S-Vescovi,G/Poikovsky 2003/CBM 95 [Postny]}) 13. Kd1 {
Postny: 'According to my database this position appeared only once with
Fontaine playing with white...'} Bb7 14. Nc3 c5 15. Qe3 $1 $146 (15. Nd5 $6 Bg7
16. Bxb4 cxb4 17. Kc2 Bxd5 18. cxd5 O-O 19. Bc4 d6 20. Rae1 Rae8 $15 {Fontaine,
R-Marciano,D/France 2002}) 15... Qe6 16. Nb5 {Postny: 'Black is now forced to
retreat with the knight to a passive square a6. However, the position remains
unclear, since white's king is not safe.'} (16. a3 Nc6 17. Nd5 O-O-O 18. Bc3
Ne7 $11) (16. Ne4 O-O-O (16... Bxe4 17. Qxe4 $14) 17. Nxc5 Bxc5 18. Qxc5 Bxg2
$1 $132) 16... Na6 $1 (16... O-O-O $6 17. Nxa7+ Kb8 18. a3 $16) (16... Kd8 $6
17. Be2 a6 18. Nc3 Qf5 19. Rc1 $16 Bxg2 $2 20. Rg1 Qh3 21. a3 {1-0 Nedev,
T-Gyimesi,Z/Plovdiv BUL 2003}) 17. Kc2 Bg7 18. Re1 O-O 19. Bd3 (19. Bc3 f6 20.
a3 (20. exf6 Qxe3 21. Rxe3 Bxf6 $11) 20... fxe5 21. fxe5 Rae8 (21... Rf7 $5 {
/\ Raf8}) 22. Qg3 Qb6 $1 23. Bd3 Nb8 $132) 19... f6 (19... Bxg2 $2 {Postny} 20.
f5 $1 Qb6 21. Rhg1 $40) 20. Qg3 (20. Re2 fxe5 21. fxe5 Rae8 22. Rhe1 (22. Bc3
d6) 22... Qb6 $11) 20... fxe5 21. fxe5 Rae8 22. Bc3 Bh6 $2 {Postny: 'Serious
mistake. The bishop has nothing to do on h6.'} (22... Qc6 23. Be4 Nb4+ (23...
Qxe4+ $2 24. Rxe4 Bxe4+ 25. Kb2 $16) 24. Kb1 (24. Kb2 $6 Qxe4 25. Rxe4 Rf2+ $1
26. Kc1 Bxe4 27. Bxb4 Rc2+ 28. Kd1 cxb4 $36) 24... Qb6 (24... Qxe4+ 25. Rxe4
Bxe4+ 26. Ka1 Nc2+ 27. Kb2 Nd4 28. Nxd4 Bxe5 29. Nf5 $1 Rxf5 30. Bxe5 Rfxe5 31.
Re1 $14) 25. Bxb7 Qxb7 $11 26. h4 a6 27. Na3 $13) (22... Nb4+ 23. Bxb4 (23. Kb1
{Postny} Qb6 $15) 23... cxb4 24. Nxc7 Bxe5 25. Nxe6 (25. Qh4 {'?' Postny.} Qe7
$1 $15 {'-/+' Postny.}) (25. Nxe8 Bxg3 26. Rxe6 dxe6 27. hxg3 Rxe8 {'=' Postny.
} 28. a3 a5 29. axb4 axb4 $15) 25... Bxg3 26. Nxf8 Bxe1 27. Nxd7 Kg7 $11 (27...
Bc3 $44 {Postny})) (22... Qb6 {/\ Nb4} 23. a3 Nb8 24. e6 Bxc3 25. Nxc3 Rxe6 26.
Rxe6 Qxe6 27. Re1 Qb6 28. Nb5 a6 29. Qxc7 Rf2+ 30. Re2 Rxe2+ 31. Bxe2 Qxc7 32.
Nxc7 Bxg2 33. b4 $11) 23. Rhf1 Rxf1 (23... Qc6 $6 24. Rxf8+ Rxf8 25. Be4 $16)
24. Rxf1 Bg7 {Postny: 'Admitting the mistake made on 22nd move.'} (24... Qc6 $6
25. Rf6 $16 Re6 26. Bf5 $5 Rxf6 27. exf6 Kf7 28. Nxa7 Qb6 29. Qh3 Nb4+ 30. Kb2
$18) 25. Re1 Qc6 {'?!' Postny.} (25... Rf8 26. a3 Bh6 27. Re2 $36 (27. Qh3 Qxh3
28. gxh3 Rf3 $132)) ({Postny: Relatively best for black was} 25... Qb6 26. a3 (
26. Kb1 {Postny} Nb8) 26... Nb8 27. e6 Rxe6 (27... Bxc3 28. exd7 $16) 28. Rxe6
dxe6 29. Bxg7 Kxg7 30. Qe5+ Kg8 31. Nxc7 $16) (25... Nb4+ $2 {(Postny) Now it
does not work anymore.} 26. Bxb4 Bxe5 (26... cxb4 27. Nxc7 Bxe5 28. Nxe8 Bxg3
29. Rxe6 dxe6 30. hxg3 $18) 27. Bxc5 Bxg3 28. Rxe6 Rxe6 29. hxg3 $18) 26. Be4
Qb6 27. Bxb7 Qxb7 28. a3 {Postny: 'Black's pieces are doomed to passivity,
while white can gradually strengthen his position without any problems.'} Re6
$2 (28... Nb8 $1 29. e6 (29. Qf3 {'+/-' Postny.} Qxf3 30. gxf3 Rf8 31. Nxa7 (
31. Re3 Nc6 32. Nxc7 Nd4+ 33. Kd3 Bh6 (33... Nxf3 $2 34. e6 $18) 34. Bxd4 cxd4
35. Kxd4 Bxe3+ 36. Kxe3 Rf5 37. Ke4 Rh5 $132) 31... Rxf3 32. Re2 $14) 29...
Rxe6 30. Rxe6 dxe6 31. Bxg7 Kxg7 32. Qxc7+ Qxc7 33. Nxc7 Kf6 34. Kd3 $14) 29.
Qf3 $1 Qb8 (29... Qxf3 $6 30. gxf3 $18) 30. Rd1 Qe8 31. Qd3 $1 (31. Qd5 $2 c6
32. Qxd7 cxb5 33. cxb5 Nb8 34. Qc7 Qxb5 (34... Bxe5 $2 35. Bxe5 Rxe5 36. Rd8
$18) 35. a4 (35. Rd8+ Re8 36. e6 Qe2+ 37. Bd2 (37. Rd2 Qe4+ 38. Kc1 Qe1+ $11)
37... Qxe6 38. Rxb8 Qf5+ 39. Kc1 Qf1+ 40. Kc2 Qf5+ $11) 35... Qe2+ 36. Rd2 Qe4+
37. Kc1 (37. Kb2 Re8 38. Rd8 Rxd8 39. Qxd8+ Bf8 40. Qxb8 Qxg2+ $132) 37... Qe1+
38. Kc2 Qe4+ $11) (31. Qb7 $2 Bxe5 $1 32. Bxe5 Rxe5 33. Nc3 (33. Qxa6 Re2+ 34.
Kb1 Qe4+ 35. Ka1 Qe5+ 36. Nd4 cxd4 37. Qc8+ Qe8 38. Qxe8+ Rxe8 39. Rxd4 $11)
33... Re6 34. Qd5 Nb8 35. Qxc5 Nc6 $11) 31... Re7 32. Qd5+ Kh8 (32... Qf7 $2
33. Nxa7 $18) (32... Rf7 33. Qb7 Qe6 34. Qc8+ Bf8 35. Kc1 $16 {/\ Nc7}) 33. Qb7
{Postny: 'Decisive invasion. White is winning material.'} Nb8 (33... Re6 34.
Nxc7 Nxc7 35. Qxc7 Bxe5 36. Rxd7 Bxc3 37. Rd8 $18) 34. Nxc7 $6 $138 (34. Qxc7
$1 Nc6 35. Nd6 Qf8 (35... Qg8 36. Rd5 $18) 36. Qc8 $1 Qxc8 37. Nxc8 Rf7 38. Nd6
Rf2+ 39. Rd2 Rxd2+ 40. Kxd2 Kg8 41. Ne4 $18) 34... Qf8 35. Qe4 (35. Nd5 Rf7
$132 {/\ Nc6}) (35. Qf3 Rf7 (35... Qxf3 $2 36. gxf3 Bxe5 37. Re1 Nc6 (37... d6
38. f4 $18) 38. Rxe5 Nxe5 39. f4 $18) 36. Qd3 Nc6 37. e6 Rf2+ 38. Kb1 Bxc3 39.
Qxc3+ Nd4 40. exd7 Qf5+ 41. Qd3 Qxd7 $132) 35... Nc6 36. Nd5 Rxe5 $6 {Postny:
'Last practical chance, but insufficient.'} (36... Re6 37. Nf4 Re7 (37... Rxe5
38. Bxe5 Bxe5 39. Ne2 $18) 38. Rd5 $16) (36... Re8 37. Qf4 (37. Nf6 $1 {Postny}
Bxf6 38. Rf1 Qe7 39. Rxf6 Nd4+ (39... Qxf6 $2 40. exf6 Rxe4 41. f7+ $18) 40.
Bxd4 cxd4 41. Ra6 $18) 37... Nxe5 38. Qxf8+ Rxf8 39. Rd2 $16) 37. Bxe5 Bxe5 38.
Kb1 $1 Qf2 39. Qc2 Qh4 40. Qe2 (40. g3 Qg4 41. Rf1 Qd4 42. Ka2 $18) 40... d6 $6
$138 (40... Qxh2 $142 41. Qf3 Bg7 42. Nf4 $1 {'+-' Postny.} (42. Re1 Qb8 (42...
h5 43. Nf6 $18) 43. Ka2 Ne5 44. Qe3 d6 $16) 42... Qh4 43. Qe4 Ne7 44. Rd6 $18 (
44. Rxd7 Qf6 $132)) 41. Qf3 $18 Bg7 (41... h5 42. Rf1 Bg7 43. Qf4 $18) 42. Nc3
$1 {/\ Ne4-d6} (42. Ne3 Ne7 43. Rxd6 Ng8) 42... h5 (42... Ne7 43. Ne4 Qxh2 44.
Nxd6 $18) 43. Qxc6 Bxc3 44. Qe8+ {Postny: 'Covering e1 square in order to make
the following capture possible.'} Kh7 45. Rxd6 Qg5 (45... Qg4 46. Qd7+ $18) 46.
Rd7+ Bg7 47. Qf7 Qe5 48. Qxg7+ 1-0